000 01006nam0a22002291i 4500
001 rc\1028354
005 20240723194923.0
035 _a(NLR Aleph) 006192321
090 _a6179395
_c6179395
100 _a20041129d1981 u |0rusy50 ca
101 0 _arus
102 _aRU
105 _ay |||||||||
200 1 _aФормирование женских кадров на железнодорожном транспорте в 1961-1975 гг.
_e(По материалам Приволж. и Куйбышев. ж. д.)
_eАвтореф. дис. на соиск. учен. степ. канд. ист. наук
_e(07.00.02)
210 _aСаратов
_d1981
215 _a18 с.
300 _aВ надзаг.: Сарат. гос. ун-т им. Н.Г. Чернышевского, Специализир. совет Д.063.74.03
700 1 _aСтепанова
_bГ.А.
_gГалина Александровна
801 0 _aRU
_bNLR
_gpsbo
801 1 _aRU
_bELAR
_2rusmarc
852 _aNLR
_j82-4/19974
942 _cBOOK